=LDR 00000nam 2200000 4500 =001 INLIS000000000001688 =005 20130612090104 =008 ***********************************Ind** =035 ##$$0010-061300000001688 =041 ##$$a Ind =082 ##$$a 616.7 =090 ##$$a 616.7, Die p =100 ##$$a Dieppe,Paul A =245 ##$$a Penyakit radang sendi, Paul A Dieppe;alih bahasa,Joko Suryono =260 ##$$a 1995 $b Jakarta =300 ##$$a vii,200 hlm, ilus, 20 cm =650 ##$$a Artritis =700 ##$$a Suryono, Joko =850 ##$$a NBPNMAT =990 ##$$a 0001/BPAP-NTB/20142015